000 01386nam0a2200313 4500
001 RU\NLR\bibl\1798663
005 20260406132809.0
010 _a978-5-9922-0253-3
_95000
021 _aRU
_b2011-55870
_93968
035 _a(NLR Aleph) 001789339
090 _a1747343
_c1747343
100 _a20110815d2011 |||y0rusy50 ca
101 1 _arus
_ceng
102 _aRU
105 _ac |||||||||
200 1 _aПолное собрание сочинений в одном томе
_e[перевод с английского]
_fУильям Шекспир
205 _a[2-е изд., перераб.]
210 _aМосква
_cАльфа-книга
_d2011
215 _a1246, [2] с.
_cпортр.
_d22
225 1 _aПолное собрание в одном томе
327 0 _aСодерж.: Генрих VI; Ричард III; Тит Андроник; Комедия ошибок; Укрощение строптивой; Два веронца; Бесплодные усилия любви; Ромео и Джульетта; Сон в летнюю ночь; Король Иоанн [и др.]
686 _aШ6(4Вл)437-62{Лх1293-215}
700 1 _4070
_8rus
_7ca
_aШекспир
_bУ.
_f1564-1616
_gУильям
_3RU\NLR\auth\771995
_9112012
801 0 _aRU
_bNLR
_c20110815
_gRCR
801 1 _aRU
_bNLR
_c20110815
942 _cBOOK
980 _aNB
980 _aNBR